000 00496nam a2200145 a 4500
008 120416s0000 ||||||||||||||||| || u
020 _a0460022636
050 _aPR 6005.H348S3
100 _aCharteris, Leslie
245 1 4 _aThe saint in New York
260 _aLondon
_bMelbourne
_cJ. M. Dent
300 _axii, 179p.
350 _a0.00
995 _D0.00
_FCBU-MAIN LIBRARY (Kitwe)
_H1
_I2.50
_M1
_UAVAILABLE
_ZAnnex Low-Usage Collection
999 _c56924
_d56924